| 000 | 01170nam0a22002771 4500 | ||
|---|---|---|---|
| 001 | rc\3978506 | ||
| 005 | 20250611043705.0 | ||
| 021 |
_aRU _b[55-31440] |
||
| 035 | _a(NLR Aleph) 008060253 | ||
| 090 |
_a8998217 _c8998217 |
||
| 100 | _a20130415d1955 |||y0rusy50 ca | ||
| 101 | 0 | _arus | |
| 102 | _aRU | ||
| 105 | _aa z ||||| | ||
| 200 | 1 |
_aВозделывание кукурузы в нечерноземной полосе _f[Лит. обработка В.П. Твердовского] _gГл. упр. с.-х. пропаганды и науки М-ва сельского хозяйства РСФСР |
|
| 210 |
_aМосква _cБ. и. _d1955 |
||
| 215 |
_a76 с. _cил. _d19 |
||
| 300 | _aПеред загл. авт.: С. Праксин, канд. с.-х. наук | ||
| 606 |
_aКукуруза _xВозделывание _yНечерноземная полоса СССР _2psbo |
||
| 700 | 1 |
_aПраксин _bС.С. _gСергей Степанович |
|
| 702 | 1 |
_aТвердовский _bВ.П. _gВалентин Петрович _4570 |
|
| 801 | 0 |
_aRU _bNLR _gpsbo |
|
| 801 | 1 |
_aRU _bELAR _2rusmarc |
|
| 852 |
_aNLR _jС50 Г-4/4795 |
||
| 942 | _cBOOK | ||
| 980 | _aNB | ||